000 00324nam a2200121 i 4500
001 bg
245 0 _aWpływ rozwiązań materiałowo-konstrukcyjnych w budownictwie na zdrowie człowieka.
_nCz.2.
260 _aWarszawa,
_c1980.
040 _cBPK
041 _apol
942 _cKS
008 s pl f |000 0 pol
999 _c20251
_d20251
856 _uhttp://koha.tu.koszalin.pl/cgi-bin/koha/opac-detail.pl?biblionumber=20251
_yKatalog online BPK